Sports Quiz

Random Sports or Clickable Quiz
Score 0/9 Timer 00:30
0 Plays Today
Question Answer Wrong Answers
Pittsburgh Steelers NFL
93.1%
MLB
1.1%
NBA
0.7%
NHL
1%
San Antonio Spurs NBA
93%
MLB
1.3%
NFL
1%
NHL
0.7%
Phoenix Suns NBA
92.3%
MLB
2%
NFL
0.6%
NHL
0.9%
Seattle Seahawks NFL
91.9%
MLB
1.8%
NBA
1.2%
NHL
0.9%
New Orleans Saints NFL
91.5%
MLB
1.9%
NBA
1.6%
NHL
0.8%
Ottawa Senators NHL
88.7%
MLB
4.4%
NBA
1.6%
NFL
0.9%
San Jose Sharks NHL
87.5%
MLB
4.4%
NBA
2.2%
NFL
1.3%
Buffalo Sabres NHL
86.9%
MLB
5%
NBA
2%
NFL
1.7%
Dallas Stars NHL
81.1%
MLB
5.4%
NBA
6.8%
NFL
2.1%
Come Together.
Have Fun.
All Virtual.
We all need to come together. Play Sporcle's virtual live trivia to have fun, connect with people, and get your trivia on. Join a live hosted trivia game for your favorite pub trivia experience done virtually. If a virtual private party is more your thing, go here for details.

You're not logged in!

Compare scores with friends on all Sporcle quizzes.
OR
Log In

Sporcle TV

Today on Sporcle TV


Watch our educational content, quiz creation guides, and fun videos on Sporcle TV.

Show Comments

Extras

Top Quizzes Today


Score Distribution

Paid Content

Your Account Isn't Verified!

In order to create a playlist on Sporcle, you need to verify the email address you used during registration. Go to your Sporcle Settings to finish the process.

Report this User

Report this user for behavior that violates our Community Guidelines.

Details: